Radioexploración del sistema planetario
I tiakina i:
| Ngā kaituhi matua: | , |
|---|---|
| Hōputu: | Pukapuka |
| Reo: | Pāniora |
| I whakaputaina: |
Ciudad de México
Reverté Mexicana
1968
|
| Rangatū: | Van Nostrand Momentum Books, 2
|
| Ngā marau: | |
| Ngā Tūtohu: |
Tāpirihia he Tūtohu
Kāore He Tūtohu, Me noho koe te mea tuatahi ki te tūtohu i tēnei pūkete!
|
MARC
| LEADER | 00000nam a2200000 a 4500 | ||
|---|---|---|---|
| 001 | UCU0723 | ||
| 003 | CL-VaPUC | ||
| 008 | 960329e19680000MX |||||||||||||||||spa|d | ||
| 082 | 0 | 4 | |a 522.68 |b SMI |2 21 |
| 100 | 0 | |a Smith Y., Alex G |e author |9 356109 | |
| 700 | 0 | |a Carr, Tomas D |e author |9 356110 | |
| 245 | 1 | 0 | |a Radioexploración del sistema planetario |
| 300 | |a 177 p | ||
| 942 | |c BK | ||
| 945 | |d 19960329 00:00:00 |a rbrito | ||
| 260 | |a Ciudad de México |b Reverté Mexicana |c 1968 | ||
| 650 | 7 | |a COMUNICACION ESPACIAL |2 CL-VaPUC |9 340430 | |
| 650 | 7 | |a PLANETAS |2 CL-VaPUC |9 352277 | |
| 650 | 0 | |a Luna |9 256546 | |
| 650 | 0 | |a Astronomía |9 260985 | |
| 650 | 7 | |a SATELITES |2 CL-VaPUC |9 352279 | |
| 650 | 7 | |a RADAR |2 CL-VaPUC |9 356111 | |
| 583 | |a last modification |c 19960329 00:00:00 |k Rodrigo Vera | ||
| 490 | 0 | |a Van Nostrand Momentum Books, 2 | |
| 999 | |c 245540 |d 245538 | ||
| 952 | |0 0 |1 0 |4 0 |6 522_680000000000000_SMI_1968 |7 0 |8 A |9 260071 |a BIBCUR |b BIBCUR |d 2019-11-19 |i 3178137 |o 522.68 SMI 1968 |p 3178137 |r 2025-04-22 |w 2019-11-19 |y BK |k BCB | ||